Gesammelte Werke. (Record no. 5372)
[ view plain ]
| 000 -CABECERA | |
|---|---|
| campo de control de longitud fija | 01234nam a2200337 a 4500 |
| 001 - NÚMERO DE CONTROL | |
| campo de control | BRCA_5679 |
| 005 - FECHA Y HORA DE LA ÚLTIMA TRANSACCIÓN | |
| campo de control | 20190320205158.0 |
| 008 - DATOS DE LONGITUD FIJA--INFORMACIÓN GENERAL | |
| campo de control de longitud fija | 180211s1850----gw-a######---#000-0#ger-# |
| 041 ## - CÓDIGO DE LENGUA | |
| Código de lengua del texto/banda sonora o título independiente | ger |
| 044 ## - CÓDIGO DEL PAÍS DE LA ENTIDAD EDITORA/PRODUCTORA | |
| Código MARC del país | gw |
| 050 #4 - SIGNATURA TOPOGRÁFICA DE LA BIBLIOTECA DEL CONGRESO | |
| Número de clasificación | QB981 |
| Número de documento/Ítem | .H86 |
| -- | 1850 |
| 100 1# - ENTRADA PRINCIPAL--NOMBRE DE PERSONA | |
| Nombre de persona | Humboldt, Alexander von. |
| Fechas asociadas al nombre | 1769-1859. |
| 9 (RLIN) | 14429 |
| 245 10 - MENCIÓN DE TÍTULO | |
| Título | Gesammelte Werke. |
| Mención de responsabilidad, etc. | Von Humboldt, Alexander |
| 260 ## - PUBLICACIÓN, DISTRIBUCIÓN, ETC. | |
| Lugar de publicación, distribución, etc. | Stuttgart |
| Fecha de publicación, distribución, etc. | 1850 |
| 300 ## - DESCRIPCIÓN FÍSICA | |
| Extensión | 12 volúmenes, 6 Tomos. |
| Otras características físicas | ils. |
| Dimensiones | 19 cm. |
| 500 ## - NOTA GENERAL | |
| Nota general | F7 |
| 500 ## - NOTA GENERAL | |
| Nota general | Obras Completas. |
| 500 ## - NOTA GENERAL | |
| Nota general | 1-2 Volúmen: Kosmos. |
| 500 ## - NOTA GENERAL | |
| Nota general | 3-4 Volúmen: Kosmos. |
| 500 ## - NOTA GENERAL | |
| Nota general | 5-6 Volúmen: Keise in die Arquinoktial: Gegenden. |
| 500 ## - NOTA GENERAL | |
| Nota general | 7-8 Volúmen: Keise in die Arquinoktial: Gegenden. |
| 500 ## - NOTA GENERAL | |
| Nota general | 9-10 Volúmen: Neuspanien. Gegenden |
| 500 ## - NOTA GENERAL | |
| Nota general | 11-12 Volúmen: Weste: Anfidstender Natur; Cuba Lebenzbesdjceibung. |
| 501 ## - NOTA DE "CON" | |
| Nota de “Con” | Dentro del volúmen 5 y 6, viene otro libro y comienza con el volúmen 1 y 2 |
| 501 ## - NOTA DE "CON" | |
| Nota de “Con” | Dentro del volúmen 7 y 8, viene otro libro y comienza con el volúmen 3 y 4 |
| 501 ## - NOTA DE "CON" | |
| Nota de “Con” | Dentro del volúmen 9 y 10, viene otro libro y comienza con el volúmen 1 y 2 |
| 650 14 - PUNTO DE ACCESO ADICIONAL DE MATERIA--TÉRMINO DE MATERIA | |
| Término de materia o nombre geográfico como elemento de entrada | Cosmografía. |
| 9 (RLIN) | 14430 |
| 650 14 - PUNTO DE ACCESO ADICIONAL DE MATERIA--TÉRMINO DE MATERIA | |
| Término de materia o nombre geográfico como elemento de entrada | Ciencia |
| Término indicativo de función/relación | Historia |
| 9 (RLIN) | 14431 |
| 902 ## - CATALOGADOR | |
| Iniciales | GFM |
| 942 ## - ELEMENTOS DE PUNTO DE ACCESO ADICIONAL (KOHA) | |
| Fuente del sistema de clasificación o colocación | Library of Congress Classification |
| Tipo de ítem Koha | Libros |
| Estado de retiro | Estado de pérdida | Estado dañado | No para préstamo | Localización permanente | Ubicación/localización actual | Fecha de adquisición | Número de inventario | Total de préstamos | Signatura topográfica completa | Código de barras | Fecha visto por última vez | Precio válido a partir de | Tipo de ítem Koha |
|---|---|---|---|---|---|---|---|---|---|---|---|---|---|
| El ejemplar forma parte de la colección y puede ser consultado según las políticas vigentes. | Biblioteca del Museo Franz Mayer (Rogerio Casas-Alatriste) | Biblioteca del Museo Franz Mayer (Rogerio Casas-Alatriste) | 18/02/2011 | F7 | QB981 .H86 1850 (F7) | 6115 | 22/03/2019 | 22/03/2019 | Libros |